Normal view
MARC view
Entry Geographic Name
001 - CONTROL NUMBER
- control field: 91087
003 - CONTROL NUMBER IDENTIFIER
- control field: BDCtgAUW
005 - DATE AND TIME OF LATEST TRANSACTION
- control field: 20260226161820.0
008 - FIXED-LENGTH DATA ELEMENTS
- fixed length control field: 260226|| aca||aabn | a|a d
040 ## - CATALOGING SOURCE
- Original cataloging agency: BDCtgAUW
- Transcribing agency: BDCtgAUW
151 ## - HEADING--GEOGRAPHIC NAME
- Geographic name: Hiroshima-shi (Japan)
- General subdivision: History
- Chronological subdivision: Bombardment, 1945
- Form subdivision: Personal narratives
670 ## - SOURCE DATA FOUND
- Source citation: Work cat.: (BDCtgAUW)16285: Sheftall, M. G. author 91084, Hiroshima :